A healthy outlook for one sector (Record no. 81003)
[ view plain ]
| 000 -LEADER | |
|---|---|
| fixed length control field | 00755cab a22001935a 4500 |
| 001 - CONTROL NUMBER | |
| control field | L146021 |
| 008 - FIXED-LENGTH DATA ELEMENTS--GENERAL INFORMATION | |
| fixed length control field | 081202e20081129xxka f 000 0 eng d |
| 035 ## - SYSTEM CONTROL NUMBER | |
| System control number | (Sirsi) u146021 |
| 041 0# - LANGUAGE CODE | |
| Language code of text/sound track or separate title | eng |
| 100 1# - MAIN ENTRY--PERSONAL NAME | |
| Personal name | Moir, Richard |
| 245 02 - TITLE STATEMENT | |
| Title | A healthy outlook for one sector |
| 260 ## - PUBLICATION, DISTRIBUTION, ETC. | |
| Date of publication, distribution, etc. | 2008 |
| 490 ## - SERIES STATEMENT | |
| Series statement | Estates Gazette |
| Volume/sequential designation | (0847) 29 November 2008, 102-104(3) |
| 520 ## - SUMMARY, ETC. | |
| Summary, etc. | Article discusses the apparent ability of the healthcare market to overcome some of the effects of the current economic downturn. Comparative performances, drivers of investment value and opportunities in the healthcare market are discussed. |
| 590 ## - LOCAL NOTE (RLIN) | |
| Local note | KA |
| 651 #4 - SUBJECT ADDED ENTRY--GEOGRAPHIC NAME | |
| Geographic name | United Kingdom |
| Chronological subdivision | |
| 690 ## - LOCAL SUBJECT ADDED ENTRY--TOPICAL TERM (OCLC, RLIN) | |
| Topical term or geographic name as entry element | PROPERTY-OTHER PROPERTY TYPES-HEALTHCARE AND WELFARE PROPERTY |
| 942 ## - ADDED ENTRY ELEMENTS (KOHA) | |
| Suppress in OPAC | 0 |
| Withdrawn status | Lost status | Source of classification or shelving scheme | Damaged status | Not for loan | Home library | Current library | Shelving location | Date acquired | Total Checkouts | Full call number | Barcode | Date last seen | Copy number | Price effective from | Koha item type |
|---|---|---|---|---|---|---|---|---|---|---|---|---|---|---|---|
| Dewey Decimal Classification | London | London | Journal article | 02/12/2008 | L146021 | 146021-1001 | 06/08/2019 | 1 | 06/08/2019 | Journal article |